Carotenoids (Record no. 30870)

MARC details
000 -LEADER
fixed length control field 00283nam a2200121Ia 4500
082 ## - DEWEY DECIMAL CLASSIFICATION NUMBER
Classification number 547.97
Item number ISL
245 #0 - TITLE STATEMENT
Title Carotenoids
260 ## - PUBLICATION, DISTRIBUTION, ETC. (IMPRINT)
Place of publication Stuttgart
Name of publisher Birkhauser
Year of publication 1971
650 ## - SUBJECT ADDED ENTRY--TOPICAL TERM
Topical Term Carotenoids
700 ## - ADDED ENTRY--PERSONAL NAME
Personal name Isler, Otto
942 ## - ADDED ENTRY ELEMENTS (KOHA)
Koha item type Books
Holdings
Withdrawn status Lost status Damaged status Not for loan Home library Current library Date acquired Cost, normal purchase price Full call number Accession Number Koha item type
        RRII Library RRII Library 16/12/2021 130.00 547.97 ISL 11429 Books